000 00764nam a22002415i 4500
001 178493
003 ES-MaACL
005 20230906220538.0
008 110603s1988 sp ao |||| | spa d
020 _a84-86152-42-9
080 _a617(075.8)
100 1 _aDiego Carmona, José A. de.
_9146900
245 1 0 _aPatología quirúrgica
_b: (generalidades) /
_c[por José A. de Diego Carmona].
250 _a5ª ed.
260 _aMadrid :
_bLuzán 5,
_cD. L. 1988.
300 _a394 p. :
_bil. bl. y n. ;
_c24 cm.
490 1 _aPregrado quirúrgico ;
_v9
500 _aIncluye test al final.
650 4 _aPatología quirúrgica.
_9136666
830 0 _aPregrado quirúrgico ;
_v9
_9190997
852 _aES-MaACL
_jE-15244
_xOlim P-600
999 _c178493
_d178493